000 00699nab a2200217 uc4500
001 587600
005 20241021090838.0
008 000403e19991201 spa
035 _a587600
035 _a(OCoLC)819826362
040 _ccomduadb
041 _aspa
100 1 0 _aParedes Hernández, Natalia
_4aut
_eaut
_9506835
245 1 3 _aAnte la evidencia de las necesidades, que hacer con los derechos
650 _aNecesidades humanas
_950794
650 _aLegitimidad
_921117
650 7 _aLuchas sociales
_2lemb
_9584
650 7 _aDerechos humanos
_zColombia
_2lemb
_9187388
773 0 _tControversia (Bogotá)
_gNo. 175, Dic. 1999, p. 149-171
_w103214
_x0120-4165
_090956
942 _cARIMP
999 _c144778
_d144778